Every Usher Song on the Billboard Hot 100 - Statistics

General Stats
  • This quiz has been taken 147 times
    84 since last reset
  • The average score is 15 of 51
Answer Stats
# Year Song % Correct
1 2004 Yeah! ft. Lil Jon & Ludacris
97%
1 2010 OMG ft. will.i.am.
70%
1 2004 My Boo (Alicia Keys)
67%
1 2001 U Got It Bad
65%
1 2001 U Remind Me
65%
1 2004 Burn
62%
1 2008 Love In This Club ft. Jeezy
60%
4 2010 DJ Got Us Fallin' In Love ft. Pitbull
59%
1 2004 Confessions Part II
52%
1 1998 Nice & Slow
51%
2 1997 You Make Me Wanna...
48%
17 2012 Climax
44%
3 2002 U Don't Have To Call
44%
2 1998 My Way
41%
8 2005 Caught Up
38%
24 2010 Hey Daddy (Daddy's Home) ft. Plies
38%
9 2012 Scream
37%
3 2005 Lovers And Friends (Lil Jon & The East Side Boyz) ft. Ludacris
32%
27 2014 New Flame (Chris Brown) ft. Rick Ross
32%
11 2015 I Don't Mind ft. Juicy J
29%
32 2016 No Limit ft. Young Thug
27%
25 2010 There Goes My Baby
27%
65 2014 Good Kisser
25%
2 2002 I Need A Girl (Part One) (Diddy) ft. Loon
25%
67 2008 Moving Mountains
25%
4 2011 Without You (David Guetta)
25%
20 2007 Same Girl (R. Kelly)
22%
15 2010 Somebody To Love (Justin Bieber)
22%
45 2008 Trading Places
22%
46 2012 Lemme See ft. Rick Ross
19%
40 2010 Lil Freak ft. Nicki Minaj
19%
40 2017 Party (Chris Brown) ft. Gucci Mane
17%
60 2000 Pop Ya Collar
16%
15 2011 More
14%
89 2014 She Came To Give It To You ft. Nicki Minaj
14%
42 2019 Come Thru (Summer Walker)
13%
31 2009 Papers
13%
21 2010 Hot Tottie ft. Jay-Z
11%
18 2008 Love In This Club Part II ft. Beyoncé & Lil Wayne
11%
69 2012 Numb
8%
70 2015 The Matrimony (Wale)
8%
58 1995 Think Of You
8%
72 2015 Body Language (Kid Ink) ft. Tinashe
6%
72 2012 Rest Of My Life (Ludacris) ft. David Guetta
6%
59 1994 Can U Get Wit It
5%
18 2011 Dirty Dancer (Enrique Iglesias) ft. Lil Wayne
5%
83 2011 Promise (Romeo Santos)
5%
99 2009 First Dance (Justin Bieber)
3%
58 2011 Christmas Song (Chestnuts Roasting On An Open Fire) (Justin Bieber)
2%
98 2013 One (Michelle Chamuel)
2%
42 2009 Spotlight (Gucci Mane)
2%
No matching quizzes found
Score Distribution
Percent of People with Each Score
Percentile by Number Answered
Your Score History
You have not taken this quiz since the last reset